|
|
|
|
| LEADER |
01098pam a2200277 a 4500 |
| 001 |
AALebookPearson000126 |
| 003 |
BD-DhAAL |
| 006 |
m||||||||d|||||||| |
| 007 |
cr|||||||||||| |
| 008 |
221123s9999 xxuabf fo j 001 0 eng d |
| 020 |
|
|
|a "
|
| 020 |
|
|
|a "9789332501270"
|
| 040 |
|
|
|a BD-DhAAL
|c BD-DhAAL
|
| 100 |
1 |
|
|a Dwivedi, K. N.
|
| 245 |
1 |
0 |
|h [electronic resource]
|a Microeconomics : Theory and Applications
|
| 250 |
|
|
|a 2
|
| 260 |
|
|
|b Pearson India,
|c 8/13/11
|
| 300 |
|
|
|a 1 online resource
|
| 500 |
|
|
|a <strong>Off-Campus Access:</strong> Athens ID and Password Required
|
| 500 |
|
|
|a <strong>On-Campus Access:</strong> No User ID or Password Required
|
| 506 |
|
|
|a Electronic access restricted to authorized BRAC University faculty, staff and students
|
| 538 |
|
|
|a Mode of access: Internet
|
| 650 |
|
4 |
|a Economics
|
| 655 |
|
7 |
|a Electronic books
|2 Library of Congress
|
| 856 |
4 |
0 |
|z Full text available on Pearson
|u https://ebookcentral.proquest.com/lib/bracu/detail.action?docID=5125001
|
| 856 |
4 |
0 |
|z Off-campus access
|u https://ebookcentral.proquest.com/lib/bracu/detail.action?docID=5125001
|